000 00871nam a2200301Ia 4500
001 Para_9396
003 CHAP
008 220125s2005 xx 000 0 und d
010 _a208093
040 _cCHAP
082 _a632.96 G7
100 _aGrewal, Parwinder S. ed.
_9174492
245 _aNematodes as biocontrol agents /
_c edit. by Parwinder S. Grewal (et. al.)
260 _aOxon :
_b CABI Publishing
300 _a505 p.
503 _aI.235355 (ej.1)
650 _aControl biológico de nemátodos
_927586
650 _aControl biológico de plagas
_927587
650 _aNemátodos
_980819
650 _aNemátodos como agentes de control biológico
_9174493
901 _a632.96 G7
902 _aM
905 _a0000002005 a 0000000000 00
910 _a2005
942 _cPARA
942 _cPARA
_d1
999 _c208093
_d208093